Les meilleurs joueurs sur FIFA 06 - Statistiques

Statistiques générales
  • Ce quiz a été pris 138 fois
  • Le résultat moyen est 15 sur 29
Statistiques - réponses
Note Joueurs Club % Correct
91 Cristiano Ronaldo Manchester United
94%
94 Ronaldo Real Madrid
94%
95 Ronaldinho FC Barcelone
93%
92 Thierry Henry Arsenal
91%
92 Zinédine Zidane Real Madrid
89%
95 Gianluigi Buffon Juventus
80%
95 Iker Casillas Real Madrid
71%
93 Samuel Eto'o FC Barcelone
70%
91 Steven Gerrard Liverpool
70%
91 Juninho Lyon
67%
91 Paolo Maldini AC Milan
67%
93 Wayne Rooney Manchester United
66%
93 Oliver Kahn Bayern Munich
61%
93 Andriy Shevchenko AC Milan
54%
91 Rio Ferdinand Manchester United
50%
92 David Trezeguet Juventus
49%
94 Petr Čech Chelsea
45%
94 Adriano Inter Milan
44%
91 Dida AC Milan
39%
91 Zlatan Ibrahimović Juventus
30%
91 Ruud van Nistelrooy Manchester United
28%
92 Zé Roberto Bayern Munich
28%
91 Michaël Essien Chelsea
17%
92 Roy Makaay Bayern Munich
16%
91 Pablo Aimar FC Valence
13%
91 Gianluca Zambrotta Juventus
10%
91 Fernando Morientes Liverpool
7%
91 Marcos Palmeiras
7%
91 Vicente FC Valence
3%
Aucun quiz correspondant
Distribution des résultats
% des personnes avec chaque résultat
Percentile par nombre de réponses
Votre historique - résultats
Vous n’avez pas pris ce quiz